<?xml version="1.0" encoding="UTF-8"?>
<record
    xmlns:xsi="http://www.w3.org/2001/XMLSchema-instance"
    xsi:schemaLocation="http://www.loc.gov/MARC21/slim http://www.loc.gov/standards/marcxml/schema/MARC21slim.xsd"
    xmlns="http://www.loc.gov/MARC21/slim">

  <leader>00846nam a22002417a 4500</leader>
  <controlfield tag="003">DO-SdBNP</controlfield>
  <controlfield tag="005">20220511121732.0</controlfield>
  <controlfield tag="008">110301s2021    dr            000 0 spa d</controlfield>
  <datafield tag="020" ind1=" " ind2=" ">
    <subfield code="a">9789945628753</subfield>
  </datafield>
  <datafield tag="040" ind1=" " ind2=" ">
    <subfield code="a">DO-SdBNP</subfield>
    <subfield code="b">spa</subfield>
    <subfield code="c">BNPHU</subfield>
  </datafield>
  <datafield tag="082" ind1=" " ind2="4">
    <subfield code="a">xxxx</subfield>
    <subfield code="b">T233m</subfield>
  </datafield>
  <datafield tag="100" ind1="1" ind2=" ">
    <subfield code="a">Taveras Jim&#xE9;nez, Carmen Josefina</subfield>
    <subfield code="9">53018</subfield>
    <subfield code="e">Dra.</subfield>
  </datafield>
  <datafield tag="245" ind1="1" ind2="0">
    <subfield code="a">Mujer empoderada y en tenis /</subfield>
    <subfield code="c">Carmen Josefina Taveras Jim&#xE9;nez ; pr&#xF3;logo Gerlyn Mart&#xED;nez </subfield>
  </datafield>
  <datafield tag="260" ind1=" " ind2=" ">
    <subfield code="a">Santo Domingo :</subfield>
    <subfield code="b">Bien-etre media group,</subfield>
    <subfield code="c">2021.</subfield>
  </datafield>
  <datafield tag="300" ind1=" " ind2=" ">
    <subfield code="a">149, [12] p. :</subfield>
    <subfield code="c">23 cm.</subfield>
  </datafield>
  <datafield tag="500" ind1=" " ind2=" ">
    <subfield code="a">Incluye datos biogr&#xE1;ficos de la autora.  </subfield>
  </datafield>
  <datafield tag="504" ind1=" " ind2=" ">
    <subfield code="a">Bibliograf&#xED;a p: 151-152</subfield>
  </datafield>
  <datafield tag="590" ind1=" " ind2=" ">
    <subfield code="a">Inventariado, 2022/ YL</subfield>
  </datafield>
  <datafield tag="590" ind1=" " ind2=" ">
    <subfield code="a">La biblioteca posee un (1) ejemplar autografiado por la autora.</subfield>
  </datafield>
  <datafield tag="700" ind1="1" ind2="2">
    <subfield code="a">Mart&#xED;nez, Gerlyn</subfield>
    <subfield code="e">prol.</subfield>
    <subfield code="9">81590</subfield>
  </datafield>
  <datafield tag="910" ind1=" " ind2=" ">
    <subfield code="a">YLockward</subfield>
  </datafield>
  <datafield tag="942" ind1=" " ind2=" ">
    <subfield code="2">ddc</subfield>
    <subfield code="c">LBS1</subfield>
  </datafield>
  <datafield tag="952" ind1=" " ind2=" ">
    <subfield code="0">0</subfield>
    <subfield code="1">0</subfield>
    <subfield code="2">ddc</subfield>
    <subfield code="5">3</subfield>
    <subfield code="7">0</subfield>
    <subfield code="8">PD</subfield>
    <subfield code="a">BNPHU</subfield>
    <subfield code="b">BNPHU</subfield>
    <subfield code="c">CT</subfield>
    <subfield code="d">2022-03-25</subfield>
    <subfield code="e">Carmen Taveras</subfield>
    <subfield code="l">0</subfield>
    <subfield code="o">xxxx T233m</subfield>
    <subfield code="p">2022-1984</subfield>
    <subfield code="r">2022-05-11</subfield>
    <subfield code="w">2022-05-11</subfield>
    <subfield code="y">LBS1</subfield>
    <subfield code="z">Autografiado por la autora. </subfield>
  </datafield>
  <datafield tag="952" ind1=" " ind2=" ">
    <subfield code="0">0</subfield>
    <subfield code="1">0</subfield>
    <subfield code="2">ddc</subfield>
    <subfield code="5">3</subfield>
    <subfield code="7">0</subfield>
    <subfield code="8">PD</subfield>
    <subfield code="a">BNPHU</subfield>
    <subfield code="b">BNPHU</subfield>
    <subfield code="c">CT</subfield>
    <subfield code="d">2022-03-25</subfield>
    <subfield code="e">Carmen Taveras</subfield>
    <subfield code="l">0</subfield>
    <subfield code="o">xxxx T233m</subfield>
    <subfield code="p">2022-1985</subfield>
    <subfield code="r">2022-05-11</subfield>
    <subfield code="t">e. 2</subfield>
    <subfield code="w">2022-05-11</subfield>
    <subfield code="y">LBS1</subfield>
  </datafield>
  <datafield tag="952" ind1=" " ind2=" ">
    <subfield code="0">0</subfield>
    <subfield code="1">0</subfield>
    <subfield code="2">ddc</subfield>
    <subfield code="5">6</subfield>
    <subfield code="7">0</subfield>
    <subfield code="8">PD</subfield>
    <subfield code="a">BNPHU</subfield>
    <subfield code="b">BNPHU</subfield>
    <subfield code="c">CT</subfield>
    <subfield code="d">2022-03-25</subfield>
    <subfield code="e">Carmen Taveras</subfield>
    <subfield code="l">0</subfield>
    <subfield code="o">xxxx T233m</subfield>
    <subfield code="p">2022-1986</subfield>
    <subfield code="r">2022-05-11</subfield>
    <subfield code="t">e. 3</subfield>
    <subfield code="w">2022-05-11</subfield>
    <subfield code="y">LBS1</subfield>
  </datafield>
  <datafield tag="999" ind1=" " ind2=" ">
    <subfield code="c">51698</subfield>
    <subfield code="d">51698</subfield>
  </datafield>
</record>
